000 00535cam a22002171 4500
001 ne 63000346
003 DLC
005 20260227111741.0
008 890814s1962 xx 000 0 ara
010 _ane 63000346
035 _a(OCoLC)23521610
040 _aDLC
_cMiU
_dDLC
042 _apremarc
050 0 0 _aP105
_b.W3
100 1 _aWāfī, ʻAlī ʻAbd al-Wāḥid
245 1 0 _aNash'at al-lughah.
260 _c[1962]
300 _a216 p.
_c22 cm.
504 _aIncludes bibliography.
650 0 _aLanguage and languages
999 _c45583
_d45583